000 01408cam a2200229 a 4500
001 1426008012
003 AUA.1
005 20251121083738.0
008 240314||||| ||| 000 0 und d
020 _a1916288812
020 _a9781916288812
035 _a(OCoLC)1426008012
040 _aYDX
_beng
_cYDX
_dJTL
050 _aBS476
_b.Q47 2024
245 0 0 _aA quest for biblical theology :
_bfestschrift in honour of gunnar pedersen /
_cJan Barna (editor).
260 _aBracknell, U.K. :
_bNewbold Academic Press,
_c2024.
500 _a"Gunnar Pedersen’s educational and theological contributions have become some of the most important in the fields of systematic and biblical theology in both European and global Adventism. Gunnar has helpfully started to distinguish between Biblical Theology proper, providing core thematic structure, language and overall narrative framework, and Systematic Theology, which, as an applied discipline, provides modern articulations of biblical themes. Gunnar has put the two to work together as two sides of the same coin. This is not only a unique and important contribution to Adventist systematic theology, but also to systematic theology and to biblical theology in general." -back cover
650 _aBible Hermeneutics
650 _aSeventh-Day Adventists Theology
700 _aBarna, Jan
_eeditor
942 _2lcc
_cBOOK
_hBS 476
_i.Q47 2024
999 _c25278
_d25278